00460nam a2200145 a 450000100100000000500170001000800410002702000180006804000250008608200150011110000290012624500960015526000370025130000260028800004711520201002053353.0180417s2015 dr a 000 spa d a9789945123524 aDO-SdBNPbspacBNPHU axxxbS939f1 aSuárez, Manuel Ángel 0aFormación integral, humana y religiosa 2 :. :bnivel primario /cManuel Ángel Suárez. aSanto Domingo :bSusaeta,c2015. a120 p :bil ;c28 cm.